Bai ming Zhong wai she ying jia jing tou zhong de si ji Xinjiang = (Record no. 232626)

000 -LEADER
fixed length control field 02008cam a2200433 a 4500
001 - CONTROL NUMBER
control field 17223804
003 - CONTROL NUMBER IDENTIFIER
control field Nust
005 - DATE AND TIME OF LATEST TRANSACTION
control field 20180117090023.0
008 - FIXED-LENGTH DATA ELEMENTS--GENERAL INFORMATION
fixed length control field 120323s2007 cc a f001 0 chi
010 ## - LIBRARY OF CONGRESS CONTROL NUMBER
LC control number 2011510884
020 ## - INTERNATIONAL STANDARD BOOK NUMBER
International Standard Book Number 9787508510682
020 ## - INTERNATIONAL STANDARD BOOK NUMBER
International Standard Book Number 7508510682
040 ## - CATALOGING SOURCE
Original cataloging agency DLC
Transcribing agency DLC
Modifying agency DLC
041 0# - LANGUAGE CODE
Language code of text/sound track or separate title chi
-- eng
042 ## - AUTHENTICATION CODE
Authentication code pcc
043 ## - GEOGRAPHIC AREA CODE
Geographic area code a-cc-su
050 00 - LIBRARY OF CONGRESS CALL NUMBER
Classification number DS793.S62
Item number B335 2007
066 ## - CHARACTER SETS PRESENT
Alternate G0 or G1 character set $1
082 ## - DEWEY DECIMAL CLASSIFICATION NUMBER
Classification number 745
245 00 - TITLE STATEMENT
Linkage 880-01
Title Bai ming Zhong wai she ying jia jing tou zhong de si ji Xinjiang =
Remainder of title The four seasons in Xinjiang photo collection : Xinjiang through the lens of 100 Chinese and foreign photographers /
Statement of responsibility, etc. [Guo wu yuan xin wen ban gong shi bian].
246 31 - VARYING FORM OF TITLE
Title proper/short title Four seasons in Xinjiang photo collection : Xinjiang through the lens of 100 Chinese and foreign photographers
246 30 - VARYING FORM OF TITLE
Title proper/short title Xinjiang through the lens of 100 Chinese and foreign photographers
250 ## - EDITION STATEMENT
Linkage 880-02
Edition statement Di 1 ban.
260 ## - PUBLICATION, DISTRIBUTION, ETC.
Linkage 880-03
Place of publication, distribution, etc. Beijing :
Name of publisher, distributor, etc. Wu zhou chuan bo chu ban she,
Date of publication, distribution, etc. 2007.
300 ## - PHYSICAL DESCRIPTION
Extent 295 p. :
Other physical details ill., col. ;
Dimensions 27x27 cm.
500 ## - GENERAL NOTE
General note Includes indexes.
546 ## - LANGUAGE NOTE
Language note Chinese and English.
651 #0 - SUBJECT ADDED ENTRY--GEOGRAPHIC NAME
Geographic name Xinjiang Uygur Zizhiqu (China)
Form subdivision Pictorial works.
651 #0 - SUBJECT ADDED ENTRY--GEOGRAPHIC NAME
Geographic name Xinjiang Uygur Zizhiqu (China)
General subdivision Description and travel.
710 1# - ADDED ENTRY--CORPORATE NAME
Linkage 880-04
Corporate name or jurisdiction name as entry element China.
Subordinate unit Guo wu yuan.
-- Xin wen ban gong shi.
880 00 - ALTERNATE GRAPHIC REPRESENTATION
Linkage 245-01
Title 百名中外摄影家镜头中的四季新疆 =
b The four seasons in Xinjiang photo collection : Xinjiang through the lens of 100 Chinese and foreign photographers /
c [国务院新闻办公室编].
880 ## - ALTERNATE GRAPHIC REPRESENTATION
Linkage 250-02
Title 第1版.
880 ## - ALTERNATE GRAPHIC REPRESENTATION
Linkage 260-03
Title 北京 :
b 五洲传播出版社,
c 2007.
880 1# - ALTERNATE GRAPHIC REPRESENTATION
Linkage 710-04
Title 中国国务院新闻办公室.
906 ## - LOCAL DATA ELEMENT F, LDF (RLIN)
a 7
b cbc
c orignew
d 3
e ncip
f 20
g y-nonroman
942 ## - ADDED ENTRY ELEMENTS (KOHA)
Source of classification or shelving scheme
Koha item type Book
Holdings
Withdrawn status Lost status Source of classification or shelving scheme Damaged status Not for loan Collection code Permanent Location Current Location Shelving location Date acquired Full call number Barcode Date last seen Price effective from Koha item type
            Central Library (CL) Central Library (CL) Chinese Studies 02/21/2017 745 CHI S3H-D-50 03/20/2023 02/21/2017 Book
© 2023 Central Library, National University of Sciences and Technology. All Rights Reserved.